Największe polskie miasta zawierające literę N - Statystyki

Ogólne statystyki
  • Ten quiz został rozwiązany 48 razy
    18 od ostatniego zresetowania
  • Średni wynik to 12 z 15
Statystyki odpowiedzi
Województwo Populacja Miasto % Poprawnych
Lubelskie 330 447 Lublin
100%
Wielkopolskie 540 146 Poznań
100%
Zachodniopomorskie 390 278 Szczecin
100%
Pomorskie 242 141 Gdynia
94%
Warmińsko-mazurskie 167 844 Olsztyn
88%
Śląskie 188 151 Sosnowiec
88%
Lubuskie 139 132 Zielona Góra
88%
Zachodniopomorskie 105 905 Koszalin
82%
Małopolskie 103 515 Tarnów
76%
Śląskie 114 148 Dąbrowa Górnicza
71%
Dolnośląskie 92 568 Legnica
71%
Małopolskie 80 446 Nowy Sącz
71%
Dolnośląskie 75 429 Jelenia Góra
65%
Śląskie 131 323 Rybnik
59%
Śląskie 87 166 Jaworzno
35%
Nie znaleziono quizów pasujących do podanych kryteriów
Rozkład punktacji
Procent ludzi z każdym wynikiem
Percentyl według liczby udzielonych odpowiedzi
Twoja historia wyników
Nie rozwiązałeś tego quizu od ostatniego zresetowania